[Event "DEM U18 2010"]
[Site "Oberhof GER"]
[Date "2010.05.25"]
[Round "4"]
[White "Grünter, Martin"]
[Black "Borgmeyer, Max"]
[Result "1-0"]
[Termination "normal"]
[Board "9"]
[WhiteElo "2185"]
[BlackElo "2053"]
[PlyCount "151"]
[WhiteFideId "24640352"]
[BlackFideId "24615870"]
[EventCountry "GER"]
[EventRounds "9"]
[EventType "swiss"]
[EventDate "2010.05.22"]

1. e4 c5 2. c3 d5 3. exd5 Qxd5 4. d4 g6 5. Nf3 Bg7 6. Na3 cxd4 7. Bc4 Qe4+ 8.
Be3 Nh6 9. Bd3 Qg4 10. h3 Qh5 11. Nxd4 Qxd1+ 12. Rxd1 O-O 13. Nab5 Na6 14. Nb3
Nf5 15. Bxa7 Nd6 16. Bb6 Be6 17. Nxd6 exd6 18. O-O Nc5 19. Nxc5 dxc5 20. a3 c4
21. Be4 Bf6 22. Rd2 Be7 23. Rfd1 Ra6 24. Be3 Ra5 25. Bxb7 Rb5 26. Bc6 Rb3 27.
Bf4 g5 28. Be3 Rfb8 29. Ba7 Rc8 30. Bf3 Rc7 31. Bd4 Bf5 32. Be5 Rc8 33. g4 Bd3
34. Be2 Bxe2 35. Rxe2 Bc5 36. Rd5 h6 37. Red2 Be7 38. Rd7 Kf8 39. Bd6 Bxd6 40.
R7xd6 Kg7 41. Re2 Rcb8 42. Rdd2 R3b6 43. Kg2 Kg6 44. Kg3 h5 45. gxh5+ Kxh5 46.
Rd4 Rxb2 47. Rxb2 Rxb2 48. Rxc4 Rb3 49. a4 Ra3 50. h4 gxh4+ 51. Rxh4+ Kg5 52.
Rc4 Kf5 53. Kf3 Ke5 54. Ke3 Ra2 55. Rb4 Kd5 56. f4 Kc5 57. Kd3 Kd5 58. Rb5+ Kc6
59. Rf5 Rxa4 60. Rxf7 Kd6 61. c4 Ke6 62. Rf8 Ke7 63. Rf5 Ke6 64. Re5+ Kf6 65.
Kd4 Ra1 66. Kd5 Rd1+ 67. Kc6 Rd4 68. c5 Rxf4 69. Re1 Rc4 70. Kb6 Rb4+ 71. Kc7
Rc4 72. c6 Kf7 73. Kb7 Rb4+ 74. Kc8 Rc4 75. c7 Kf6 76. Rb1 1-0

[Event "DEM U18 2010"]
[Site "Oberhof GER"]
[Date "2010.05.25"]
[Round "4"]
[White "Jussupow, Alexander"]
[Black "Kyas, Marcel"]
[Result "1/2-1/2"]
[Termination "normal"]
[Board "10"]
[WhiteElo "2112"]
[BlackElo "2120"]
[PlyCount "131"]
[WhiteFideId "24613509"]
[BlackFideId "24642037"]
[EventCountry "GER"]
[EventRounds "9"]
[EventType "swiss"]
[EventDate "2010.05.22"]

1. d4 Nf6 2. Nf3 c5 3. e3 cxd4 4. exd4 d5 5. Bd3 Nc6 6. c3 g6 7. Bf4 Bg7 8. h3
O-O 9. O-O Bf5 10. Bxf5 gxf5 11. Ne5 e6 12. Nd2 Ne4 13. Nxe4 fxe4 14. Qg4 Kh8
15. Rae1 Nxe5 16. dxe5 Rg8 17. Qh5 f5 18. exf6 Qxf6 19. Bg5 Qf5 20. g4 Qf8 21.
f3 exf3 22. Rxe6 d4 23. cxd4 Bxd4+ 24. Be3 Qg7 25. Rxf3 Raf8 26. Re7 Rxf3 27.
Rxg7 Bxg7 28. Bxa7 Rd8 29. Qa5 Rd1+ 30. Kg2 Rfd3 31. Be3 h6 32. Qb6 Rb1 33. b3
Kh7 34. Qc5 Rbd1 35. Kf3 Bd4 36. Qe7+ Kg8 37. Qe6+ Kf8 38. Qxh6+ Kg8 39. Qg5+
Kf7 40. Qf5+ Ke7 41. Ke2 Bxe3 42. Qxd3 Rxd3 43. Kxd3 Bf2 44. Ke4 Kf6 45. Kf4
Kg6 46. a4 Be1 47. Ke5 Kg5 48. Kd6 Bg3+ 49. Kd7 Kh4 50. Kc8 b6 51. Kb7 Bf2 52.
b4 Be3 53. b5 Bd4 54. Kc6 Be3 55. Kb7 Bd4 56. Kc7 Bc5 57. Kd7 Be3 58. Ke6 Bd4
59. Kd5 Be3 60. Ke4 Bd2 61. Kf5 Be3 62. Kg6 Bd2 63. Kf6 Bg5+ 64. Kf5 Be3 65.
Ke4 Bd2 66. Kf5 1/2-1/2

[Event "DEM U18 2010"]
[Site "Oberhof GER"]
[Date "2010.05.25"]
[Round "4"]
[White "Krassowizkij, Jaroslaw"]
[Black "Tkachuk, Konstantyn"]
[Result "1-0"]
[Termination "normal"]
[Board "11"]
[WhiteElo "2244"]
[BlackElo "2176"]
[PlyCount "89"]
[WhiteFideId "1271703"]
[BlackFideId "24647330"]
[EventCountry "GER"]
[EventRounds "9"]
[EventType "swiss"]
[EventDate "2010.05.22"]

1. e4 c5 2. Nf3 d6 3. d4 cxd4 4. Nxd4 Nf6 5. Nc3 g6 6. Be3 Bg7 7. Be2 O-O 8.
Qd2 Ng4 9. Bxg4 Bxg4 10. f3 Be6 11. Bh6 Nc6 12. Bxg7 Kxg7 13. h4 Nxd4 14. Qxd4+
f6 15. O-O-O Qa5 16. a3 Rac8 17. h5 Rc4 18. Qe3 g5 19. Nd5 Rfc8 20. Rd2 Kf7 21.
Kb1 Qc5 22. Qd3 Ra4 23. e5 f5 24. exd6 Bxd5 25. Qxd5+ Qxd5 26. Rxd5 e6 27. Rd3
Rd8 28. b4 Ra6 29. Rhd1 b5 30. Kb2 Ke8 31. d7+ Ke7 32. Kb3 Rc6 33. c3 Rc7 34.
a4 a6 35. axb5 axb5 36. Rd6 Rb7 37. R1d2 h6 38. c4 bxc4+ 39. Kxc4 f4 40. b5
Rc7+ 41. Kb4 Rc2 42. Rxc2 Kxd6 43. Rd2+ Ke7 44. Kc5 e5 45. Kc6 1-0

[Event "DEM U18 2010"]
[Site "Oberhof GER"]
[Date "2010.05.25"]
[Round "4"]
[White "Bart, Simon"]
[Black "Müller, Denis"]
[Result "0-1"]
[Termination "normal"]
[Board "12"]
[WhiteElo "1979"]
[BlackElo "1917"]
[PlyCount "98"]
[WhiteFideId "24637327"]
[BlackFideId "4696140"]
[EventCountry "GER"]
[EventRounds "9"]
[EventType "swiss"]
[EventDate "2010.05.22"]

1. e4 c5 2. Nf3 d6 3. d4 cxd4 4. Nxd4 Nf6 5. Nc3 a6 6. f4 e5 7. Nf3 Nbd7 8. Bd3
Be7 9. O-O b5 10. Qe1 O-O 11. a3 Bb7 12. h3 Re8 13. f5 d5 14. g4 dxe4 15. Nxe4
Nc5 16. Nxf6+ Bxf6 17. g5 e4 18. gxf6 exf3 19. Qh4 Nxd3 20. cxd3 Qxf6 21. Qxf6
gxf6 22. Bh6 Kh8 23. Rae1 Rg8+ 24. Kf2 Rg2+ 25. Ke3 Rh2 26. Kd4 Rd8+ 27. Kc5
Rxh3 28. Re7 Bc8 29. Bd2 Bxf5 30. d4 Rc8+ 31. Kb6 Rc2 32. Rf2 Kg7 33. d5 Rc4
34. Bc3 Bg4 35. d6 Rh1 36. Kxa6 Rc5 37. Kb6 Rd5 38. Kc7 Rhd1 39. Re4 h5 40. Bb4
Kg6 41. Kc6 Kf5 42. Re1 Rxd6+ 43. Bxd6 Rxe1 44. Kxb5 Re2 45. Bg3 Ke4 46. Kc4
Ke3 47. Rf1 Rxb2 48. a4 f2 49. a5 Be2+ 0-1

[Event "DEM U18 2010"]
[Site "Oberhof GER"]
[Date "2010.05.25"]
[Round "4"]
[White "Marx, Joschka"]
[Black "Schneider, Jens"]
[Result "1-0"]
[Termination "normal"]
[Board "13"]
[WhiteElo "2029"]
[BlackElo "1980"]
[PlyCount "139"]
[WhiteFideId "24645869"]
[BlackFideId "24685771"]
[EventCountry "GER"]
[EventRounds "9"]
[EventType "swiss"]
[EventDate "2010.05.22"]

1. e4 c5 2. Nf3 d6 3. d3 Nc6 4. g3 g6 5. Bg2 Bg4 6. Nbd2 Bg7 7. h3 Bd7 8. O-O
Qc8 9. Kh2 h5 10. Nc4 Nh6 11. Qe1 b5 12. Ne3 Ng4+ 13. hxg4 hxg4+ 14. Nh4 g5 15.
Nef5 Bf6 16. e5 Nxe5 17. Kg1 gxh4 18. Nxh4 Bxh4 19. gxh4 Bc6 20. Bf4 Bxg2 21.
Bxe5 Bxf1 22. Bxh8 Bh3 23. Qe4 Rb8 24. Re1 Qb7 25. Bf6 Qxe4 26. Rxe4 Rb7 27. h5
Kf8 28. h6 Kg8 29. Bxe7 Kh7 30. Bxd6 c4 31. d4 Kxh6 32. Bg3 Kg6 33. d5 Rd7 34.
d6 f6 35. Re1 Kf7 36. Kh2 Kg6 37. Bf4 a6 38. Kg3 Kf7 39. f3 f5 40. fxg4 Bxg4
41. Rh1 Ke6 42. Re1+ Kf7 43. Kf2 Bh5 44. Ke3 Kf6 45. Kd4 Bf3 46. Re8 Be4 47. c3
Kf7 48. Rh8 Rb7 49. Ke5 Rd7 50. Bg5 Bc6 51. Be7 Rb7 52. Kxf5 Bd7+ 53. Ke5 a5
54. Rf8+ Kg7 55. Rd8 Kf7 56. Ra8 a4 57. Kd5 Kg7 58. Kc5 Kf7 59. Rd8 Ke6 60. a3
Kf7 61. Kd5 Be8 62. Ra8 Bd7 63. Bd8 Bh3 64. Bc7 Bg2+ 65. Kc5 Bh3 66. Rd8 Bg4
67. Bb6 Bd7 68. Ba5 Be8 69. Bc7 Kf8 70. Kd5 1-0

[Event "DEM U18 2010"]
[Site "Oberhof GER"]
[Date "2010.05.25"]
[Round "4"]
[White "Steinacker, Alex"]
[Black "Schiffner, Kevin"]
[Result "1-0"]
[Termination "normal"]
[Board "14"]
[WhiteElo "1879"]
[BlackElo "1959"]
[PlyCount "119"]
[WhiteFideId "24647195"]
[BlackFideId "24674940"]
[EventCountry "GER"]
[EventRounds "9"]
[EventType "swiss"]
[EventDate "2010.05.22"]

1. Nc3 c5 2. e4 e6 3. f4 Nc6 4. g3 d6 5. Bg2 a6 6. a4 Qc7 7. Nf3 Nf6 8. d3 Be7
9. O-O O-O 10. h3 Bd7 11. Be3 Rab8 12. g4 b5 13. axb5 axb5 14. Nh2 Nd4 15. Ne2
Rfc8 16. Nxd4 cxd4 17. Bxd4 e5 18. Ra7 Qc6 19. Bf2 Bd8 20. g5 Ne8 21. Qf3 Ra8
22. Rxa8 Rxa8 23. fxe5 dxe5 24. Bg3 Qc5+ 25. Kh1 Be6 26. Ng4 Bxg5 27. Nxe5 Bf6
28. Nxf7 Bxf7 29. e5 Ra6 30. exf6 Nxf6 31. Qb7 Re6 32. c3 Qe3 33. Qf3 Qd2 34.
Rf2 Qc1+ 35. Kh2 Qg5 36. Bf4 Qg6 37. d4 Re8 38. Re2 Rf8 39. Qg3 Qf5 40. Re5 Qd7
41. Bg5 Nh5 42. Qe3 h6 43. Be7 Re8 44. Bf1 Qc7 45. Kg1 Ra8 46. Bxb5 Ra1+ 47.
Kf2 Qb7 48. Qe4 Qc8 49. Bd3 g6 50. Rxh5 Qb8 51. Re5 Qxb2+ 52. Qe2 Qc1 53. Qg4
Qd2+ 54. Be2 Qe1+ 55. Kf3 Qxc3+ 56. Kg2 Qc6+ 57. Qf3 Qc1 58. Bf1 Qd2+ 59. Qf2
Qc2 60. Qxc2 1-0

[Event "DEM U18 2010"]
[Site "Oberhof GER"]
[Date "2010.05.25"]
[Round "5"]
[White "Günnigmann, Manuel"]
[Black "Kachibadze, Georg"]
[Result "1/2-1/2"]
[Termination "normal"]
[Board "2"]
[WhiteElo "2181"]
[BlackElo "2240"]
[PlyCount "130"]
[WhiteFideId "24640360"]
[BlackFideId "24640794"]
[EventCountry "GER"]
[EventRounds "9"]
[EventType "swiss"]
[EventDate "2010.05.22"]

1. e4 c5 2. Nf3 Nc6 3. d4 cxd4 4. Nxd4 Nf6 5. Nc3 d6 6. Bc4 e5 7. Nf3 h6 8. O-O
Be7 9. Re1 O-O 10. Nd5 Nxd5 11. Bxd5 Kh8 12. h3 Nb4 13. Bb3 f5 14. c3 Na6 15.
exf5 Bxf5 16. Bc2 Nc7 17. Bxf5 Rxf5 18. Qd3 Qf8 19. c4 Ne6 20. Bd2 Nc5 21. Qe2
a5 22. Be3 Ne6 23. Rad1 a4 24. b4 axb3 25. axb3 Nf4 26. Bxf4 Rxf4 27. Ra1 Rb8
28. Nd2 Bd8 29. g3 Rf7 30. Kg2 Bb6 31. Ne4 Bd4 32. Ra2 b5 33. Qd3 Qe7 34. f3
Rbf8 35. Rf1 Qe6 36. Ra6 bxc4 37. Qxc4 Qxc4 38. bxc4 Rc7 39. Nxd6 Rb8 40. Ra2
Rc6 41. Nf5 Rxc4 42. Nxd4 exd4 43. Rd2 Rd8 44. Rfd1 Kg8 45. f4 Kf7 46. Kf3 Kf6
47. g4 h5 48. Ke4 hxg4 49. hxg4 d3+ 50. Ke3 Re8+ 51. Kf3 Ree4 52. Rxd3 Rxf4+
53. Kg2 Rxg4+ 54. Rg3 Kg5 55. Rd5+ Kf4 56. Rxg4+ Kxg4 57. Rd2 Ra4 58. Rb2 g5
59. Rc2 Kf4 60. Rb2 g4 61. Rc2 Kg5 62. Rc5+ Kh4 63. Rc2 Ra3 64. Rb2 Rg3+ 65.
Kh2 Ra3 1/2-1/2

[Event "DEM U18 2010"]
[Site "Oberhof GER"]
[Date "2010.05.25"]
[Round "5"]
[White "Geske, Julian"]
[Black "Grünter, Martin"]
[Result "1-0"]
[Termination "normal"]
[Board "3"]
[WhiteElo "2311"]
[BlackElo "2185"]
[PlyCount "73"]
[WhiteFideId "24605263"]
[BlackFideId "24640352"]
[EventCountry "GER"]
[EventRounds "9"]
[EventType "swiss"]
[EventDate "2010.05.22"]

1. e4 c5 2. Nf3 d6 3. d4 cxd4 4. Nxd4 Nf6 5. Nc3 a6 6. Bg5 e6 7. f4 Be7 8. Qf3
h6 9. Bh4 Qc7 10. O-O-O Nbd7 11. Bd3 g5 12. fxg5 Ne5 13. Qe2 Nfg4 14. Nf3 Nxf3
15. gxf3 hxg5 16. Bg3 Ne5 17. f4 gxf4 18. Bxf4 Bd7 19. Rdf1 Rh7 20. h4 O-O-O
21. h5 Rdh8 22. h6 Bf8 23. Qd2 Kb8 24. Kb1 Bc6 25. Rh3 Qb6 26. Nd1 Bd7 27. Rh5
Rg8 28. Ne3 Rg6 29. Rxe5 dxe5 30. Nc4 Qd8 31. Nxe5 Ka8 32. Nxg6 fxg6 33. e5 Be8
34. a3 Qb6 35. Be3 Bc5 36. Bxc5 Qxc5 37. Qg5 1-0

[Event "DEM U18 2010"]
[Site "Oberhof GER"]
[Date "2010.05.25"]
[Round "5"]
[White "Kartsev, Alexandr"]
[Black "Graf, Felix"]
[Result "1-0"]
[Termination "normal"]
[Board "4"]
[WhiteElo "2082"]
[BlackElo "2300"]
[PlyCount "91"]
[WhiteFideId "24647110"]
[BlackFideId "24608904"]
[EventCountry "GER"]
[EventRounds "9"]
[EventType "swiss"]
[EventDate "2010.05.22"]

1. e4 e6 2. d4 d5 3. e5 c5 4. c3 Qb6 5. Nf3 Nc6 6. a3 c4 7. Nbd2 Na5 8. Be2 Bd7
9. O-O O-O-O 10. Re1 Kb8 11. Rb1 f6 12. exf6 gxf6 13. b3 Qc7 14. bxc4 dxc4 15.
Qc2 Ne7 16. Qb2 b6 17. Nf1 Nd5 18. g3 Rg8 19. Ne3 Bd6 20. Nxd5 exd5 21. Bf1 Bf5
22. Ra1 Nb3 23. Ra2 Rde8 24. Rxe8+ Rxe8 25. Be3 h5 26. Nd2 h4 27. Nxb3 cxb3 28.
Qxb3 hxg3 29. hxg3 Bxg3 30. Bg2 Bh2+ 31. Kh1 Qh7 32. Qxd5 Kc8 33. Qb7+ Qxb7 34.
Bxb7+ Kxb7 35. Kxh2 Rc8 36. Bd2 Kc6 37. Kg3 Kd5 38. Kf4 Bd3 39. f3 Re8 40. Ra1
Re2 41. Be1 f5 42. a4 Kc4 43. a5 bxa5 44. Bh4 Kb5 45. d5 Bc4 46. Rd1 1-0

[Event "DEM U18 2010"]
[Site "Oberhof GER"]
[Date "2010.05.25"]
[Round "5"]
[White "Zhou, Syang"]
[Black "Hobusch, Alexander"]
[Result "1-0"]
[Termination "normal"]
[Board "6"]
[WhiteElo "2206"]
[BlackElo "2132"]
[PlyCount "65"]
[WhiteFideId "24636126"]
[BlackFideId "24611387"]
[EventCountry "GER"]
[EventRounds "9"]
[EventType "swiss"]
[EventDate "2010.05.22"]

1. e4 e6 2. d4 d5 3. Nc3 Nf6 4. e5 Nfd7 5. f4 c5 6. Nf3 Nc6 7. Be3 a6 8. Qd2 b5
9. a3 g5 10. fxg5 cxd4 11. Nxd4 Ncxe5 12. Be2 Bg7 13. O-O Bb7 14. Rae1 O-O 15.
h4 Nc6 16. Bg4 Nde5 17. Nxc6 Nxc6 18. Bc5 Ne5 19. Bxf8 Qxf8 20. Bh5 Qc5+ 21.
Kh1 Ng6 22. Nd1 e5 23. Ne3 Nf4 24. Rxf4 exf4 25. Nf5 f3 26. Bxf3 Bxb2 27. Re7
Bc6 28. Nh6+ Kh8 29. Nxf7+ Kg7 30. Nh6+ Kh8 31. Qe2 Rf8 32. Nf7+ Kg8 33. g6 1-0

[Event "DEM U18 2010"]
[Site "Oberhof GER"]
[Date "2010.05.25"]
[Round "5"]
[White "Kyas, Marcel"]
[Black "Nuber, Blasius"]
[Result "0-1"]
[Termination "normal"]
[Board "7"]
[WhiteElo "2120"]
[BlackElo "2199"]
[PlyCount "70"]
[WhiteFideId "24642037"]
[BlackFideId "24620289"]
[EventCountry "GER"]
[EventRounds "9"]
[EventType "swiss"]
[EventDate "2010.05.22"]

1. d4 d5 2. c4 e6 3. Nf3 Nf6 4. g3 a6 5. Bg2 dxc4 6. O-O Nc6 7. Nc3 Rb8 8. e4
Be7 9. Qe2 b5 10. Rd1 O-O 11. d5 exd5 12. e5 d4 13. exf6 Bxf6 14. Qe4 Bb7 15.
Nd5 Nb4 16. Nxf6+ Qxf6 17. Qf4 c5 18. Qxf6 gxf6 19. Bf4 Rbd8 20. Ne1 Bxg2 21.
Kxg2 Rfe8 22. a4 Re2 23. Bd2 Nd5 24. axb5 axb5 25. Ra5 Rb8 26. Kf3 Re5 27. Bf4
Nxf4 28. gxf4 Rh5 29. Nc2 Rh3+ 30. Ke4 Rb3 31. Na3 Rxb2 32. Kd5 c3 33. Kxc5
Rc8+ 34. Kd5 d3 35. Rxd3 Rd2 0-1

[Event "DEM U18 2010"]
[Site "Oberhof GER"]
[Date "2010.05.25"]
[Round "5"]
[White "Meißner, Felix"]
[Black "Müller, Philipp"]
[Result "1/2-1/2"]
[Termination "normal"]
[Board "8"]
[WhiteElo "2138"]
[BlackElo "1911"]
[PlyCount "58"]
[WhiteFideId "24671827"]
[BlackFideId "24683701"]
[EventCountry "GER"]
[EventRounds "9"]
[EventType "swiss"]
[EventDate "2010.05.22"]

1. e4 Nc6 2. d4 d5 3. e5 f6 4. f4 Bf5 5. Nf3 Qd7 6. Nbd2 Nb4 7. Bd3 Bxd3 8.
cxd3 Nxd3+ 9. Kf1 Nxf4 10. Nb3 Ne6 11. Qd3 g6 12. h4 Nh6 13. h5 Nf5 14. Kf2
Nfg7 15. hxg6 h5 16. Bd2 c6 17. g4 Nd8 18. gxh5 Rxh5 19. exf6 exf6 20. Rae1+
Be7 21. Rxh5 Nxh5 22. Qe3 Qd6 23. Rg1 Ng7 24. Qh6 Nde6 25. Qh8+ Bf8 26. a3
O-O-O 27. Qh3 Kb8 28. Nh4 Nf4 29. Qf3 Nfh5 1/2-1/2

[Event "DEM U18 2010"]
[Site "Oberhof GER"]
[Date "2010.05.25"]
[Round "5"]
[White "Schmitt, Philipp"]
[Black "Krassowizkij, Jaroslaw"]
[Result "1/2-1/2"]
[Termination "normal"]
[Board "9"]
[WhiteElo "2097"]
[BlackElo "2244"]
[PlyCount "82"]
[WhiteFideId "24641766"]
[BlackFideId "1271703"]
[EventCountry "GER"]
[EventRounds "9"]
[EventType "swiss"]
[EventDate "2010.05.22"]

1. e4 d5 2. exd5 Nf6 3. Nf3 Nxd5 4. d4 Bg4 5. c4 Nb6 6. c5 N6d7 7. Bc4 e6 8.
Nc3 Nc6 9. Be3 Be7 10. h3 Bxf3 11. Qxf3 O-O 12. O-O-O Bg5 13. h4 Bxe3+ 14. fxe3
Qf6 15. Qh3 b6 16. Bb5 Ncb8 17. Rhf1 Qe7 18. c6 a6 19. Bd3 Nf6 20. Ne4 Nd5 21.
Ng5 h6 22. Bh7+ Kh8 23. Nxe6 fxe6 24. Rxf8+ Qxf8 25. Qxe6 Nxe3 26. Qxe3 Kxh7
27. Qe4+ Kh8 28. b4 Nxc6 29. Qxc6 Re8 30. a3 a5 31. Qf3 Qe7 32. bxa5 bxa5 33.
g3 Qe3+ 34. Qxe3 Rxe3 35. Kb2 Rxg3 36. Rc1 Rg4 37. d5 Rxh4 38. Rxc7 Rd4 39. Rc5
g5 40. Kc3 Rd1 41. Kc2 Rd4 1/2-1/2

[Event "DEM U18 2010"]
[Site "Oberhof GER"]
[Date "2010.05.25"]
[Round "5"]
[White "Borgmeyer, Max"]
[Black "Jussupow, Alexander"]
[Result "1-0"]
[Termination "normal"]
[Board "10"]
[WhiteElo "2053"]
[BlackElo "2112"]
[PlyCount "63"]
[WhiteFideId "24615870"]
[BlackFideId "24613509"]
[EventCountry "GER"]
[EventRounds "9"]
[EventType "swiss"]
[EventDate "2010.05.22"]

1. e4 g6 2. d4 Bg7 3. Nc3 d6 4. Be3 a6 5. Qd2 Nd7 6. O-O-O b5 7. Kb1 Bb7 8. f3
c5 9. dxc5 dxc5 10. Nd5 e6 11. Nf4 Ne7 12. h4 h5 13. Ngh3 Bc6 14. Ng5 Bf6 15.
Ngxe6 fxe6 16. Nxe6 Qb8 17. Bf4 Be5 18. g3 Kf7 19. Bh3 Nb6 20. Nxc5 Nc4 21.
Be6+ Kg7 22. Bxc4 bxc4 23. Ne6+ Kf6 24. Bxe5+ Qxe5 25. Nd4 Rhd8 26. Qc3 Bb5 27.
f4 Qxe4 28. Nxb5+ Kf7 29. Rde1 Qc6 30. Nd4 Qd5 31. Ne6 Rd6 32. Qg7+ 1-0

[Event "DEM U18 2010"]
[Site "Oberhof GER"]
[Date "2010.05.25"]
[Round "5"]
[White "Marx, Joschka"]
[Black "Yakovenko, Oleg"]
[Result "1/2-1/2"]
[Termination "normal"]
[Board "11"]
[WhiteElo "2029"]
[BlackElo "2015"]
[PlyCount "74"]
[WhiteFideId "24645869"]
[BlackFideId "4696000"]
[EventCountry "GER"]
[EventRounds "9"]
[EventType "swiss"]
[EventDate "2010.05.22"]

1. a3 d5 2. e3 Nf6 3. Nf3 Bf5 4. c4 e6 5. Nc3 c6 6. cxd5 exd5 7. b3 Bd6 8. Bb2
O-O 9. d3 Nbd7 10. Ne2 Qe7 11. Ng3 Bg6 12. Be2 Rfe8 13. O-O Nc5 14. Nh4 Bc7 15.
Nxg6 hxg6 16. Rc1 Bd6 17. b4 Ne6 18. Re1 a5 19. b5 cxb5 20. Qb3 Nc7 21. Bxf6
gxf6 22. Bf3 Rac8 23. Bxd5 Nxd5 24. Qxd5 Bxg3 25. hxg3 Qxa3 26. Ra1 Qc3 27.
Qxb5 Ra8 28. Qxb7 Qxd3 29. Qb6 Re6 30. Qb2 Rea6 31. Red1 Qe4 32. Qd4 Qxd4 33.
Rxd4 a4 34. Ra3 f5 35. Kf1 Kg7 36. Ke2 Kf6 37. Kf3 R6a7 1/2-1/2

[Event "DEM U18 2010"]
[Site "Oberhof GER"]
[Date "2010.05.25"]
[Round "5"]
[White "Müller, Denis"]
[Black "Steinacker, Alex"]
[Result "1-0"]
[Termination "normal"]
[Board "12"]
[WhiteElo "1917"]
[BlackElo "1879"]
[PlyCount "75"]
[WhiteFideId "4696140"]
[BlackFideId "24647195"]
[EventCountry "GER"]
[EventRounds "9"]
[EventType "swiss"]
[EventDate "2010.05.22"]

1. e4 c5 2. Nf3 Nc6 3. d4 cxd4 4. Nxd4 g6 5. c4 Bg7 6. Be3 Nf6 7. Nc3 Ng4 8.
Qxg4 Nxd4 9. Qd1 Ne6 10. Rc1 d6 11. Be2 O-O 12. O-O Bd7 13. Qd2 a5 14. Rfd1 Bc6
15. f3 Rb8 16. Bf1 Nc5 17. b3 b6 18. Qc2 f5 19. exf5 gxf5 20. a3 Qe8 21. b4 Na4
22. Ne2 axb4 23. axb4 Bb7 24. Nf4 e5 25. Nd5 e4 26. f4 Bxd5 27. Rxd5 Rf7 28.
Qb3 Bf8 29. Be2 Rf6 30. Bd4 Re6 31. Rxf5 Nc5 32. Qh3 Nd3 33. Rd1 Qa4 34. Rg5+
Kf7 35. Qxh7+ Ke8 36. Bh5+ Kd8 37. Rg8 Re8 38. Bf6+ 1-0

[Event "DEM U18 2010"]
[Site "Oberhof GER"]
[Date "2010.05.25"]
[Round "5"]
[White "Tkachuk, Konstantyn"]
[Black "Bart, Simon"]
[Result "1-0"]
[Termination "normal"]
[Board "13"]
[WhiteElo "2176"]
[BlackElo "1979"]
[PlyCount "71"]
[WhiteFideId "24647330"]
[BlackFideId "24637327"]
[EventCountry "GER"]
[EventRounds "9"]
[EventType "swiss"]
[EventDate "2010.05.22"]

1. e4 c5 2. Nf3 d6 3. d4 cxd4 4. Nxd4 Nf6 5. Nc3 a6 6. Bg5 e6 7. f4 h6 8. Bh4
Be7 9. Qf3 Qc7 10. O-O-O Nbd7 11. Bd3 b5 12. a3 Bb7 13. f5 e5 14. Nde2 O-O 15.
g4 Rfe8 16. Bf2 Nb6 17. h4 d5 18. Bxb6 Qxb6 19. exd5 Red8 20. g5 Nxd5 21. Be4
Nxc3 22. Nxc3 Bxe4 23. Qxe4 hxg5 24. Nd5 Qc5 25. f6 Bxf6 26. Nxf6+ gxf6 27.
hxg5 fxg5 28. Rdg1 Kf8 29. Rxg5 f6 30. Rf5 Kf7 31. Rxf6+ Ke7 32. Rh7+ Kxf6 33.
Rh6+ Ke7 34. Qh7+ Ke8 35. Re6+ Kf8 36. Rf6+ 1-0

[Event "DEM U18 2010"]
[Site "Oberhof GER"]
[Date "2010.05.25"]
[Round "5"]
[White "Schneider, Jens"]
[Black "Schiffner, Kevin"]
[Result "1/2-1/2"]
[Termination "normal"]
[Board "14"]
[WhiteElo "1980"]
[BlackElo "1959"]
[PlyCount "132"]
[WhiteFideId "24685771"]
[BlackFideId "24674940"]
[EventCountry "GER"]
[EventRounds "9"]
[EventType "swiss"]
[EventDate "2010.05.22"]

1. Nc3 c5 2. Nf3 Nc6 3. d4 cxd4 4. Nxd4 a6 5. g3 e6 6. Bg2 Nf6 7. O-O Be7 8. e4
Qc7 9. Be3 O-O 10. Qe2 d6 11. f4 Na5 12. Bf2 Rb8 13. g4 Nc6 14. f5 Ne5 15. Bh3
Ne8 16. Be3 exf5 17. Nd5 Qd8 18. gxf5 Nf6 19. Nxe7+ Qxe7 20. Bg5 Ned7 21. Rfe1
Re8 22. Bg2 Qe5 23. c3 b5 24. Qf2 Bb7 25. Bf4 Qc5 26. Rad1 Bxe4 27. Bxe4 Rxe4
28. Rxe4 Nxe4 29. Qg2 Re8 30. Kh1 Ndf6 31. Rg1 g6 32. fxg6 hxg6 33. Rd1 Qh5 34.
Rf1 Nd5 35. Qf3 Qxf3+ 36. Rxf3 Nxf4 37. Rxf4 Nc5 38. Rf1 Nd3 39. Rb1 Kg7 40.
Kg2 f5 41. b3 Kf6 42. Rd1 Nf4+ 43. Kf3 Nd5 44. Nxf5 Nxc3 45. Nxd6 Re2 46. Rd3
Rc2 47. a4 bxa4 48. bxa4 Nxa4 49. Ra3 Rc3+ 50. Rxc3 Nxc3 51. Nb7 Kg5 52. Nd6 a5
53. Ke3 Kh4 54. Kd3 Nd5 55. Kc2 Kh3 56. Nc4 Nb4+ 57. Kb3 Nc6 58. Ka4 Kxh2 59.
Kb5 g5 60. Kxc6 a4 61. Kb5 g4 62. Kxa4 g3 63. Ne3 Kg1 64. Nf5 g2 65. Nh4 Kf2
66. Nxg2 Kxg2 1/2-1/2

[Event "DEM U18 2010"]
[Site "Oberhof GER"]
[Date "2010.05.26"]
[Round "6"]
[White "Geske, Julian"]
[Black "Jorczik, Julian"]
[Result "1/2-1/2"]
[Termination "normal"]
[Board "1"]
[BlackTitle "FM"]
[WhiteElo "2311"]
[BlackElo "2357"]
[PlyCount "99"]
[WhiteFideId "24605263"]
[BlackFideId "24611719"]
[EventCountry "GER"]
[EventRounds "9"]
[EventType "swiss"]
[EventDate "2010.05.22"]

1. e4 e6 2. d4 d5 3. Nd2 Nc6 4. Ngf3 Nf6 5. e5 Nd7 6. Be2 f6 7. exf6 Qxf6 8.
Nf1 Bd6 9. Ne3 O-O 10. O-O Qg6 11. Re1 Nf6 12. c4 b6 13. a3 Kh8 14. b4 dxc4 15.
Nxc4 Bb7 16. Bd3 Qh5 17. Nxd6 cxd6 18. Be3 Ng4 19. h3 Nxe3 20. fxe3 e5 21. Be4
Rad8 22. dxe5 d5 23. Bc2 Nxe5 24. Nxe5 Qxe5 25. Qd3 g6 26. Qd4 Qxd4 27. exd4
Rc8 28. Rac1 Rc3 29. Bb1 Rxc1 30. Rxc1 Rc8 31. Rxc8+ Bxc8 32. Kf2 Kg7 33. Kf3
Kf6 34. h4 h6 35. Bd3 g5 36. g3 Be6 37. Bb5 Ke7 38. Bc6 Kd6 39. Be8 Ke7 40. Bh5
Kf6 41. Be8 Ke7 42. Bb5 Kd6 43. Ke3 Ke7 44. Be2 Kf6 45. Bh5 Ke7 46. Kf3 Kf6 47.
Bg4 gxh4 48. gxh4 Bxg4+ 49. Kxg4 b5 50. h5 1/2-1/2

[Event "DEM U18 2010"]
[Site "Oberhof GER"]
[Date "2010.05.26"]
[Round "6"]
[White "Günnigmann, Manuel"]
[Black "Zhou, Syang"]
[Result "1-0"]
[Termination "normal"]
[Board "2"]
[WhiteElo "2181"]
[BlackElo "2206"]
[PlyCount "101"]
[WhiteFideId "24640360"]
[BlackFideId "24636126"]
[EventCountry "GER"]
[EventRounds "9"]
[EventType "swiss"]
[EventDate "2010.05.22"]

1. e4 e5 2. Nf3 Nc6 3. Bb5 a6 4. Ba4 Nf6 5. O-O Be7 6. Re1 b5 7. Bb3 d6 8. c3
O-O 9. d4 Bg4 10. d5 Na5 11. Bc2 c6 12. h3 Bc8 13. dxc6 Qc7 14. Nbd2 Qxc6 15.
Nf1 Re8 16. Ne3 Nc4 17. Nxc4 bxc4 18. Ba4 Qc7 19. Bxe8 Nxe8 20. Bg5 Bf8 21. Nd2
Qc6 22. Qe2 Be6 23. Rec1 h6 24. Be3 Nf6 25. b3 cxb3 26. axb3 Nxe4 27. Nxe4 Qxe4
28. Ra4 Qg6 29. Qf3 Rc8 30. c4 Qd3 31. Qd1 Qxd1+ 32. Rxd1 Rb8 33. Rxa6 Rxb3 34.
Ra8 g5 35. Rxd6 Kg7 36. Rdd8 Be7 37. Re8 Kf6 38. c5 Rb7 39. Rh8 Rc7 40. Rxh6+
Kg7 41. Rxe6 fxe6 42. Ra4 Kf6 43. Rc4 e4 44. c6 Ke5 45. Bb6 Rc8 46. c7 Bd6 47.
Kf1 Kd5 48. Rc1 e5 49. Ke2 Ke6 50. Ke3 Kd5 51. g3 1-0